| 000 | 00326nam a22001217a 4500 | ||
|---|---|---|---|
| 003 | OSt | ||
| 005 | 20260107164225.0 | ||
| 008 | 260107b |||||||| |||| 00| 0 eng d | ||
| 245 |
_aEduncle UGC-NET _bComputer Science& Application II(Unit-6,7,9,10,11) |
||
| 260 |
_aRajasthan _bEduncle _c2018 |
||
| 300 | _a460pp | ||
| 942 |
_2ddc _cBK |
||
| 999 |
_c369745 _d369745 |
||